000
00250nam a2200109 4500
008
230704b xxu||||| |||| 00| 0 eng d
082
_a
362.7
_b
VOL 1995
245
_a
Blossoms in the Dust
260
_b
UNESCO
_c
1995
300
_a
167p
942
_2
ddc
_c
BK
999
_c
3943
_d
3943